[Event "Titled Tuesday intern op 11th Aug"]
[Site "Chess.com INT"]
[Date "2020.08.11"]
[Round "1"]
[White "Esipenko, Andrey"]
[Black "Mingarro Carceller, Sergi"]
[Result "0-1"]
[WhiteElo "2682"]
[BlackElo "2361"]
[PlyCount "68"]
[EventDate "2020.08.11"]
[EventType "swiss (blitz)"]
[EventRounds "10"]
[EventCountry "USA"]
[SourceTitle "CBM 197 Extra"]
[Source "ChessBase"]
[SourceDate "2020.09.30"]
[SourceVersion "1"]
[SourceVersionDate "2020.09.30"]
[SourceQuality "1"]

1. c4 e6 2. Nc3 d5 3. d4 Bb4 4. a3 Bxc3+ 5. bxc3 Nf6 6. e3 c6 7. Bd3 0-0 8. Ne2 b6 9. cxd5 cxd5 10. 0-0 Ba6 11. f3 Qc8 12. Bb2 Bxd3 13. Qxd3 Nc6 14. e4 Na5 15. e5 Nd7 16. Ng3 Qc4 17. Qe3 Rac8 18. Nh5 f6 19. exf6 Nxf6 20. Qxe6+ Kh8 21. Nxf6 Rxf6 22. Qe7 Qb5 23. Bc1 Re8 24. Qb4 Qd3 25. Bg5 Rfe6 26. Rad1 Qf5 27. Bc1 Nc4 28. Qa4 Re2 29. Qc6 Qc2 30. Kh1 h6 31. Bf4 Kh7 32. Qxd5 Qxd1 33. Qf5+ Kh8 34. Kg1 Re1 0-1

[Event "Titled Tuesday intern op 11th Aug"]
[Site "Chess.com INT"]
[Date "2020.08.11"]
[Round "10"]
[White "Mingarro Carceller, Sergi"]
[Black "Martinez Reyes, Pedro Ramon"]
[Result "0-1"]
[WhiteElo "2361"]
[BlackElo "2422"]
[PlyCount "74"]
[EventDate "2020.08.11"]
[EventType "swiss (blitz)"]
[EventRounds "10"]
[EventCountry "USA"]
[SourceTitle "CBM 197 Extra"]
[Source "ChessBase"]
[SourceDate "2020.09.30"]
[SourceVersion "1"]
[SourceVersionDate "2020.09.30"]
[SourceQuality "1"]

1. e4 d6 2. d4 Nd7 3. Nc3 e6 4. f4 g6 5. Nf3 Bg7 6. Be3 Ne7 7. Qd2 b6 8. 0-0-0 Bb7 9. Be2 Nf6 10. Bd3 a6 11. Kb1 Qd7 12. Qe2 b5 13. e5 Nfd5 14. Ne4 Nxe3 15. Qxe3 Nd5 16. Qd2 Nb6 17. g4 Nc4 18. Qe2 0-0-0 19. Bxc4 bxc4 20. exd6 cxd6 21. Qxc4+ Kb8 22. Qe2 Rc8 23. Rhe1 Qc6 24. Rd3 Ka8 25. Rb3 Rc7 26. Rc3 Qb6 27. Rxc7 Qxc7 28. Ned2 h5 29. g5 Rc8 30. Nb3 Qb6 31. Qe3 a5 32. Nfd2 a4 33. Nc1 Bxd4 34. Qa3 Ba6 35. Ne4 Qc6 36. c3 Ba7 37. Nxd6 Bc5 0-1

[Event "Titled Tuesday intern op 11th Aug"]
[Site "Chess.com INT"]
[Date "2020.08.11"]
[Round "7"]
[White "Mingarro Carceller, Sergi"]
[Black "Nguyen, Thanh Thuy Tien"]
[Result "0-1"]
[WhiteElo "2361"]
[BlackElo "1971"]
[PlyCount "102"]
[EventDate "2020.08.11"]
[EventType "swiss (blitz)"]
[EventRounds "10"]
[EventCountry "USA"]
[SourceTitle "CBM 197 Extra"]
[Source "ChessBase"]
[SourceDate "2020.09.30"]
[SourceVersion "1"]
[SourceVersionDate "2020.09.30"]
[SourceQuality "1"]

1. e4 c5 2. Nf3 d6 3. Bb5+ Bd7 4. Bxd7+ Qxd7 5. c4 Nf6 6. Nc3 g6 7. d4 cxd4 8. Nxd4 Bg7 9. b3 0-0 10. Bb2 Nc6 11. 0-0 Rac8 12. Re1 a6 13. Qd2 h5 14. Nxc6 bxc6 15. Rad1 Qa7 16. Na4 Nd7 17. Bxg7 Kxg7 18. Qb2+ f6 19. Re3 Rh8 20. Qc3 Nc5 21. Nb2 h4 22. h3 g5 23. Rde1 Ne6 24. e5 dxe5 25. Rxe5 Qd4 26. Qxd4 Nxd4 27. Rxe7+ Kg6 28. Nd3 Rcd8 29. Nc5 a5 30. Ra7 Ra8 31. Rxa8 Rxa8 32. Re7 Nc2 33. Re6 Nb4 34. f3 Kf5 35. Re2 Rd8 36. a3 Rd1+ 37. Kh2 Nd3 38. Ne6 Nc1 39. Re4 Nxb3 40. c5 Nd2 41. Nd4+ Kg6 42. Re6 Nc4 43. Nxc6 Nxa3 44. Nxa5 Nb5 45. c6 Rc1 46. Re7 f5 47. Rb7 Nd6 48. Rd7 Nb5 49. Rb7 Nd6 50. Rb3 Kf6 51. Rd3 Nb5 0-1

[Event "Titled Tuesday intern op 21st July"]
[Site "Chess.com INT"]
[Date "2020.07.21"]
[Round "4"]
[White "Mingarro Carceller, Sergi"]
[Black "David, Alexandru Vasile"]
[Result "0-1"]
[WhiteElo "2361"]
[BlackElo "2428"]
[PlyCount "66"]
[EventDate "2020.07.21"]
[EventType "swiss (blitz)"]
[EventRounds "10"]
[EventCountry "USA"]
[SourceTitle "CBM 197 Extra"]
[Source "ChessBase"]
[SourceDate "2020.09.30"]
[SourceVersion "1"]
[SourceVersionDate "2020.09.30"]
[SourceQuality "1"]

1. e4 c5 2. Nf3 Nc6 3. Bb5 g6 4. Bxc6 dxc6 5. d3 Bg7 6. h3 e5 7. Nc3 Ne7 8. Be3 b6 9. Qd2 h6 10. a3 f5 11. exf5 gxf5 12. Qe2 Kf8 13. 0-0 Nd5 14. Bd2 Qd6 15. Rae1 Bb7 16. Nxe5 Re8 17. f4 Nf6 18. Qf2 Kg8 19. Ng6 Rh7 20. Rxe8+ Nxe8 21. Re1 Bd4 22. Rxe8+ Kf7 23. Re3 Qxg6 24. Nd1 Rg7 25. c3 Bxe3 26. Nxe3 Bc8 27. c4 Qg3 28. Qe2 Rg6 29. Nf1 Qxh3 30. Bc3 Be6 31. b4 cxb4 32. axb4 Qg4 33. Nh2 Qxe2 0-1